Zalán Tibor Azt hittem, költőnek lenni nagy dolog, ma már tudom, mekkorát tévedtem /

Elmentve itt :
Bibliográfiai részletek
Szerző: Bod Péter
További közreműködők: Szabó Luca
Dokumentumtípus: Cikk
Megjelent: 2022-04-10
Sorozat:Szeged.hu
Kulcsszavak:Interjú, Volt egyetemi hallgató - Zalán Tibor - költő - író, Rendezvénysorozat - beszélgetéssorozat - Radnóti-estek, Egyetemtörténet, JATE-klub
Online Access:http://univ.bibl.u-szeged.hu/61913
LEADER 00912nab a2200181 i 4500
001 univ61913
005 20220411142057.0
008 220411s2022 hu o 0|| hun d
040 |a SZTE UnivHistória Repozitórium  |b hun 
041 |a hun 
100 1 |a Bod Péter 
245 1 0 |a Zalán Tibor  |h [elektronikus dokumentum] :  |b Azt hittem, költőnek lenni nagy dolog, ma már tudom, mekkorát tévedtem /  |c  Bod Péter 
260 |c 2022-04-10 
490 0 |a Szeged.hu 
561 |a Egyetemi hirarchívum 
695 |a Interjú, Volt egyetemi hallgató - Zalán Tibor - költő - író, Rendezvénysorozat - beszélgetéssorozat - Radnóti-estek, Egyetemtörténet, JATE-klub 
700 0 1 |a Szabó Luca 
856 4 0 |u http://univ.bibl.u-szeged.hu/61913/1/Szeged.hu%20-%20Zal%C3%A1n%20Tibor_%20Azt%20hittem%2C%20k%C3%B6lt%C5%91nek%20lenni%20nagy%20dolog%2C%20ma%20m%C3%A1r%20tudom%2C%20mekkor%C3%A1t%20t%C3%A9vedtem.pdf  |z Dokumentum-elérés